Administración: una ventaja competitiva

Sparad:
Bibliografiska uppgifter
Huvudupphovsmän: Bateman, Thomas S (Författare, medförfattare), Snell, Scott A (Författare, medförfattare)
Materialtyp: Bok
Språk:spanska
Publicerad: Ciudad de México McGraw-Hill Interamericana 2004
Upplaga:1a. ed
Ämnen:
Taggar: Lägg till en tagg
Inga taggar, Lägg till första taggen!

MARC

LEADER 00000nam a2200000 a 4500
001 UCJ0393
003 CL-VaPUC
005 20241010115102.0
008 060804e20040000MX |||||||||||||||||spa|d
999 |c 317249  |d 317247 
020 |a 9701043782 
040 |c Pontificia Universidad Católica de Valparaíso 
082 0 4 |a 658  |b BAT  |2 21 
100 0 |a Bateman, Thomas S  |e author  |9 500567 
245 1 0 |a Administración: una ventaja competitiva 
250 |a 1a. ed 
260 |a Ciudad de México  |b McGraw-Hill Interamericana  |c 2004 
300 |a 685 p 
583 |a last modification  |c 20130305 04:35:14  |k Rodrigo Vera 
650 0 |a Gestión de empresas  |9 433832 
650 0 |a Competencia económica   |9 256096 
650 0 |a Toma de decisiones   |9 257530 
650 0 |a Dirección de empresas  |9 395192 
650 0 |a Responsabilidad social de la empresa  |9 888331 
700 0 |a Snell, Scott A  |e author  |9 500568 
942 |c BK  |2 ddc 
945 |d 20060804 00:00:00  |a cmena 
952 |0 0  |1 0  |4 0  |6 658_000000000000000_BAT_2004  |7 0  |8 R  |9 393298  |a BIBENE  |b BIBENE  |d 2019-11-22  |i 4261704  |o 658 BAT 2004  |p 4261704  |r 2025-01-15  |w 2019-11-22  |y BK_R  |k ICO